000 00604nam a2200229Ia 4500
003 OSt
005 20221005062443.0
006 a|||||r|||| 00| 0
007 ta
008 221004b |||||||| |||| 00| 0 eng d
024 _a42123
037 _cTextual
040 _aCRL
_cCRL
_beng
041 _2eng
_aeng
082 _aO115,2M28,12, 111K1
245 0 _aLittle Eyolf tr by Michael Meyer
260 _aLondon
_bRupert hart-davis UK
_c1961
300 _a87p.
_ccm.
650 _aENGLISH LITERATURE
942 _hO115,2M28,12, 111K1
_cTEXL
_2cc
999 _c969735
_d969735